000 00304nam a22001337a 4500
008 181019b xxu||||| |||| 00| 0 eng d
020 _a072166427-X
041 _aeng
080 _a617
100 _a8
101 _aORT
245 _aSociosis and Other Spinal Deformities
_cFinch,M.E
942 _2udc
_cBK
999 _c50220
_d50220